|
|
|
|
| LEADER |
00000nam0a2200000 4500 |
| 001 |
279290 |
| 005 |
20231101235209.0 |
| 020 |
|
|
|a RU
|b 86-26380
|
| 035 |
|
|
|a (RuTPU)RU\TPU\book\302568
|
| 090 |
|
|
|a 279290
|
| 100 |
|
|
|a 20141217d1986 km y0rusy5003 ca
|
| 101 |
0 |
|
|a rus
|
| 102 |
|
|
|a RU
|
| 105 |
|
|
|a y z 011zd
|
| 200 |
1 |
|
|a ... В потомках ваше племя оживет... Воспоминания о декабристах в Сибири
|f под ред. С. Ф. Коваля
|
| 210 |
|
|
|a Иркутск
|c Восточно-Сибирское кн. изд-во
|d 1986
|
| 215 |
|
|
|a 348 с.
|
| 300 |
|
|
|a 300 лет со дня присвоения Иркутску статуса города
|
| 320 |
|
|
|a Библиогр. в примеч.: с. 315-336
|
| 320 |
|
|
|a Указ. имен: с. 337-348
|
| 600 |
|
1 |
|a Муравьев
|b Н. М.
|c декабрист
|c капитан
|f 1795-1843
|g Никита Михайлович
|2 stltpush
|3 (RuTPU)RU\TPU\pers\12735
|9 3625
|
| 600 |
|
1 |
|a Батеньков
|b Г. С.
|c декабрист
|f 1793-1863
|g Гавриил Степанович
|c подполковник корпуса инженерных путей сообщения
|y Томск
|2 stltpush
|3 (RuTPU)RU\TPU\pers\10328
|
| 606 |
1 |
|
|a Декабристы
|2 stltpush
|3 (RuTPU)RU\TPU\subj\65333
|9 81899
|
| 610 |
1 |
|
|a тюрьмы
|
| 610 |
1 |
|
|a каторга
|
| 610 |
1 |
|
|a ссылки
|
| 610 |
1 |
|
|a Сибирь
|
| 610 |
1 |
|
|a Восточная Сибирь
|
| 610 |
1 |
|
|a воспоминания
|
| 610 |
1 |
|
|a сибиряки
|
| 610 |
1 |
|
|a персоналии
|
| 610 |
1 |
|
|a культурная жизнь
|
| 610 |
1 |
|
|a общественная жизнь
|
| 686 |
|
|
|a Т3(2)521-425
|v LBC/SL-A
|2 rubbk
|
| 702 |
|
1 |
|a Коваль
|b С. Ф.
|4 340
|
| 801 |
|
0 |
|a RU
|b RuMRKP
|c 19950704
|g psbo
|
| 801 |
|
1 |
|a RU
|b 63413507
|c 20141217
|
| 801 |
|
2 |
|a RU
|b 63413507
|c 20170417
|g RCR
|
| 942 |
|
|
|c BK
|